Human Acceleration of the Nitrogen Cycle Managing Risks and Uncertainty

Gespeichert in:
Bibliographische Detailangaben
Format: Buch
Sprache:Englisch
Veröffentlicht: Paris OECD 2018
Schlagworte:
Tags: Tag hinzufügen
Keine Tags, Fügen Sie das erste Tag hinzu!

MARC

LEADER 00000nam a2200000 4500
001 0253526
005 20221220065604.2
020 |a 978-92-64-30742-1 
041 0 |a eng 
044 |a FR 
245 1 0 |a Human Acceleration of the Nitrogen Cycle  |b Managing Risks and Uncertainty 
264 1 |a Paris  |b OECD  |c 2018 
300 |a 175 s. 
610 2 0 |a chémia 
610 2 0 |a prostredie životné 
610 2 0 |a riadenie rizík 
610 2 0 |a znečistenie ovzdušia 
610 2 0 |a politika 
610 2 0 |a kritériá rozhodovania 
610 2 0 |a poľnohospodárstvo 
610 2 0 |a porovnanie štatistické medzinárodné